| 000 -LEADER | |
|---|---|
| fixed length control field | 00572nam a22001817a 4500 |
| 005 - DATE AND TIME OF LATEST TRANSACTION | |
| control field | 20251204150513.0 |
| 008 - FIXED-LENGTH DATA ELEMENTS--GENERAL INFORMATION | |
| fixed length control field | 251203b |||||||| |||| 00| 0 eng d |
| 020 ## - INTERNATIONAL STANDARD BOOK NUMBER | |
| ISBN | 978-93-5466-943-9 |
| 041 ## - LANGUAGE CODE | |
| Language code of text/sound track or separate title | eng |
| 082 ## - DEWEY DECIMAL CLASSIFICATION NUMBER | |
| Classification number | 611-CHA-H |
| 100 ## - MAIN ENTRY--AUTHOR NAME | |
| Personal name | CHAURASIA'S B.D. |
| 245 ## - TITLE STATEMENT | |
| Title | FREE WITH B.D.CHAURASIA'S HUMAN ANATOMY: WORK BOOK OF HUMAN ANATOMY - HEAD AND NECK BRAIN- NEUROANATOMY [ VOL-3 & 4] |
| 250 ## - EDITION STATEMENT | |
| Edition statement | 10TH ED, 2024 |
| 260 ## - PUBLICATION, DISTRIBUTION, ETC. (IMPRINT) | |
| Place of publication | NEW DELHI |
| Name of publisher | CBS PUBLISHERS & DISTRIBUTERS PVT.LTD |
| Year of publication | 2024 |
| 300 ## - PHYSICAL DESCRIPTION | |
| Number of Pages | 104;P |
| 650 ## - SUBJECT ADDED ENTRY--TOPICAL TERM | |
| Topical Term | PARAMEDICAL |
| General subdivision | BMLT/BMIRT |
| 942 ## - ADDED ENTRY ELEMENTS (KOHA) | |
| Koha item type | Books |
| Lost status | Damaged status | Collection code | Home library | Current library | Shelving location | Date acquired | Source of acquisition | Cost, normal purchase price | Serial Enumeration / chronology | Full call number | Accession Number | Koha item type |
|---|---|---|---|---|---|---|---|---|---|---|---|---|
| PARAMEDICAL | JRU Library | JRU Library | SHELF-105-A | 01/12/2025 | PURCHASE | 3240.00 | LBI-000811/28-11-2025 | 611-CHA | 29192 | Books | ||
| PARAMEDICAL | JRU Library | JRU Library | SHELF-105-A | 01/12/2025 | PURCHASE | 3240.00 | LBI-000811/28-11-2025 | 611-CHA | 29193 | Books | ||
| PARAMEDICAL | JRU Library | JRU Library | SHELF-105-A | 01/12/2025 | PURCHASE | 3240.00 | LBI-000811/28-11-2025 | 611-CHA | 29194 | Books | ||
| PARAMEDICAL | JRU Library | JRU Library | SHELF-105-A | 01/12/2025 | PURCHASE | 3240.00 | LBI-000811/28-11-2025 | 611-CHA | 29195 | Books | ||
| PARAMEDICAL | JRU Library | JRU Library | SHELF-105-A | 01/12/2025 | PURCHASE | 3240.00 | LBI-000811/28-11-2025 | 611-CHA | 29196 | Books |